000 00523cab a2200205 4500
001 X632
008 090401t xxu||||| |||| 00| 0 eng d
035 _a(Sirsi) u66661
041 _aeng
100 _aMoselhi, O.
245 _aProject selection considering risk
350 _a0
490 _aConstruction Management & Economics
_v11, 45-52(8)
650 _aPROJECT EVALUATION
650 _aRISK ASSESSMENT
650 _aSELECTION CRITERIA
690 _aProject management
_96261
942 _n0
948 _c04/03/1997
999 _c41638
_d41638